Famous Soviet spies; the Kremlin's secret weapon / (Record no. 9072)
[ view plain ]
| 000 -LEADER | |
|---|---|
| fixed length control field | 00722cam a2200253 4500 |
| 001 - CONTROL NUMBER | |
| control field | 2661956 |
| 003 - CONTROL NUMBER IDENTIFIER | |
| control field | OSt |
| 005 - DATE AND TIME OF LATEST TRANSACTION | |
| control field | 20140310182055.0 |
| 008 - FIXED-LENGTH DATA ELEMENTS--GENERAL INFORMATION | |
| fixed length control field | 730423s1973 xx a b 001 0ceng |
| 010 ## - LIBRARY OF CONGRESS CONTROL NUMBER | |
| LC control number | 72093237 |
| 040 ## - CATALOGING SOURCE | |
| Original cataloging agency | DLC |
| Transcribing agency | DLC |
| Modifying agency | DLC |
| 043 ## - GEOGRAPHIC AREA CODE | |
| Geographic area code | e-ur--- |
| 050 00 - LIBRARY OF CONGRESS CALL NUMBER | |
| Classification number | UB 271.R9 |
| Item number | .F198 1973 |
| 082 00 - DEWEY DECIMAL CLASSIFICATION NUMBER | |
| Classification number | HS 327.1209 |
| Item number | F21 1973 |
| 245 10 - TITLE STATEMENT | |
| Title | Famous Soviet spies; the Kremlin's secret weapon / |
| 260 ## - PUBLICATION, DISTRIBUTION, ETC. (IMPRINT) | |
| Place of publication, distribution, etc | Washington : |
| Name of publisher, distributor, etc | Books by U.S. News & World Report, |
| Date of publication, distribution, etc | c1973. |
| 300 ## - PHYSICAL DESCRIPTION | |
| Extent | 223 p. : |
| Other physical details | ill. ; |
| Dimensions | 23 cm. |
| 350 ## - PRICE (NR) (BK AM CF MU VM SE) [OBSOLETE] | |
| Price | $2.95 |
| 650 #0 - SUBJECT ADDED ENTRY--TOPICAL TERM | |
| Topical term or geographic name as entry element | Espionage, Soviet. |
| 9 (RLIN) | 12342 |
| 650 #0 - SUBJECT ADDED ENTRY--TOPICAL TERM | |
| Topical term or geographic name as entry element | Spies |
| Geographic subdivision | Soviet Union. |
| 9 (RLIN) | 12343 |
| 906 ## - LOCAL DATA ELEMENT F, LDF (RLIN) | |
| a | 7 |
| b | cbc |
| c | orignew |
| d | 2 |
| e | opcn |
| f | 19 |
| g | y-gencatlg |
| 942 ## - ADDED ENTRY ELEMENTS (KOHA) | |
| Source of classification or shelving scheme | Library of Congress Classification |
| Koha item type | |
| Withdrawn status | Lost status | Source of classification or shelving scheme | Damaged status | Home library | Current library | Shelving location | Date acquired | Total Checkouts | Full call number | Barcode | Date last seen | Copy number | Price effective from | Koha item type |
|---|---|---|---|---|---|---|---|---|---|---|---|---|---|---|
| Library of Congress Classification | Luxembourg Library | Luxembourg Library | High School Section | 08/22/2013 | UB 271.R9 .F198 1973 | 9073 | 08/22/2013 | 1 | 08/22/2013 | Books |